[Event "Sonsbeek SNS"]
[Site "Arnhem"]
[Date "1999.05.06"]
[Round "4"]
[White "Kortschnoj, Viktor Lvovich"]
[Black "Sadler, Matthew D"]
[Result "1-0"]
[WhiteElo "2673"]
[BlackElo "2667"]
[Annotator "Huzman,A"]
[PlyCount "97"]
[EventDate "1999.05.??"]
[EventType "tourn"]
[EventRounds "6"]
[EventCountry "NED"]
[EventCategory "14"]
[SourceTitle "CBM 071"]
[Source "ChessBase"]
[SourceDate "1999.08.01"]
[SourceVersion "1"]
[SourceVersionDate "1999.08.01"]
[SourceQuality "1"]

1. d4 d5 2. c4 dxc4 3. e4 Nf6 4. e5 Nd5 5. Bxc4 Nc6 6. Nc3 Nb6 7. Bb5 Bd7 8.
Nf3 (8. Be3 e6 9. a3 Ne7 10. Bd3 Bc6 11. Qg4 Qd7 12. Nge2 O-O-O 13. O-O f5 14.
exf6 gxf6 15. f3 Nbd5 $15 {0-1 Sokolin,L-Kaidanov,G/Denver 1998/CBM 68_07 (45)}
) 8... e6 (8... a6 9. Bd3 (9. Be2 Bf5 10. d5 Nb4 11. Nd4 Bg6 12. O-O N4xd5 13.
e6 $44 {1/2-1/2 Shumiakina,T-Galliamova Ivanchuk,A/Elista 1997/EXT 97 (50)})
9... Bg4 10. Be4 e6 11. h3 (11. O-O Be7 12. Be3 Bh5 13. d5 Nxe5 14. dxe6 Qxd1
15. Rfxd1 Nxf3+ 16. gxf3 fxe6 17. Bxb7 Rb8 18. Bc6+ Kf7 19. b3 $14 {1-0 Glek,
I-Kozlov,V/Frunze 1988/TD 88\01 (36)}) 11... Bh5 12. Be3 Qd7 13. d5 Bxf3 14.
Qxf3 Nxd5 15. Nxd5 exd5 16. Bxd5 Bb4+ 17. Kf1 Nxe5 18. Qe4 Qb5+ 19. Kg1 O-O-O
$11 {1/2-1/2 Georgiev,K-Drasko,M/Sarajevo 1985/MCD-r8 (46)}) 9. O-O (9. Qe2 Nb4
10. a3 Bxb5 11. Qxb5+ Nc6 12. Be3 Qd7 13. O-O Ne7 14. Rac1 a6 15. Qe2 Ned5 16.
Ne4 Qb5 17. Qc2 h6 18. Bd2 Be7 $14 {1-0 Seirawan,Y-Barlov,D/Zagreb 1987/CBM 04
(31)}) (9. a3 Ne7 10. Bd3 Bc6 11. O-O Ng6 (11... Qd7 12. Ne4 Ng6 13. h4 O-O-O
14. g3 Qd5 15. h5 f5 16. exf6 gxf6 17. hxg6 hxg6 18. Re1 f5 19. Bg5 Rd7 20. Rc1
Rdh7 21. Bh4 $16 {1-0 Topalov,V-Sadler,M/Monte Carlo 1998/EXP 63 (28)}) 12. Be3
Be7 13. Rc1 Nh4 $6 14. Nxh4 Bxh4 15. Qg4 $40 {1-0 Razuvaev,Y-Fominyh,A/Stary
Smokovec 1990/ (41)}) 9... Nb4 (9... Ne7 10. Bd3 (10. a4 Bxb5 11. axb5 Ng6 12.
Qc2 Be7 13. Qe4 Nd5 14. Nxd5 exd5 15. Qd3 O-O 16. Bd2 Qd7 17. Ra5 f6 $132 {
1/2-1/2 Gulko,B-Chandler,M/Biel 1987/CBM 03 (28)}) 10... Bc6 11. Ng5 h6 12. Qh5
g6 13. Nge4 $1 Bg7 14. Qg4 $36 {1-0 Beliavsky,A-Portisch,L/Thessaloniki 1984/
BIG 80 (59)}) 10. Be2 Bc6 (10... Be7 11. a3 N4d5 12. Ne4 Bc6 13. Qc2 h6 14. Bd3
a6 15. Nc5 Bxc5 16. dxc5 Nd7 17. Re1 Ne7 18. Be4 O-O 19. Bd2 Bd5 20. Rad1 Qe8
21. b4 Rd8 22. Bxd5 Nxd5 23. Re4 $36 {1-0 Gavrikov,V-Brunner,L/Biel 1995/CBM
49 (97)}) 11. a3 N4d5 12. Ne4 (12. Bd3 Qd7 13. Ne4 Bb5 (13... O-O-O 14. Bg5 Be7
15. Nc5 Qe8 16. Bxe7 Nxe7 17. Re1 Na4 18. Nxa4 Bxa4 19. Qe2 h6 20. Rac1 Bc6 $11
{1/2-1/2 Petursson,M-Anand,V/Wijk aan Zee 1990/CBM 17 (42)}) 14. Re1 Bxd3 15.
Qxd3 a6 16. Bd2 Qb5 17. Qc2 Qc4 18. Rac1 Qxc2 {1/2-1/2 Khalifman,A-Sadler,M/BL
1998 (18)}) 12... Nf4 $146 (12... Qd7 13. Nc5 Bxc5 14. dxc5 Na4 15. Qc2 O-O-O
16. Be3 Nxe3 17. fxe3 Qd5 18. Rac1 Qe4 19. Qxe4 Bxe4 20. b3 $18 {[%csl Ra4]
1-0 Kornev,A-Arakelian,E/Kstovo 1994/EXP 42 (26)}) 13. Bxf4 Bxe4 14. Ng5 Bg6 (
14... Bc6 $5 15. Bh5 $1 (15. Bf3 Nd5 (15... Bxf3 16. Qxf3 Be7 17. Qg3 O-O 18.
Nf3 Kh8 $15) 16. Qd2 Be7 17. Ne4 O-O $15) (15. Bd3 h6 (15... Be7 $5 16. Qh5
$140 g6 17. Qh6 Bf8 18. Qh4 Qxd4 19. Rad1 Nd5 $17) 16. Nf3 Be7 $15) 15... g6
16. Bf3 Bxf3 (16... Nd5 17. Bd2 Be7 18. Ne4 $36) 17. Qxf3 Be7 18. Ne4 $36) 15.
Bf3 Rb8 (15... Nd5 16. Bd2 (16. Qb3 Nxf4 (16... Be7 $5 17. Qb5+ Kf8 (17... Qd7
18. Qxb7 O-O 19. Bxd5 exd5 20. Rac1 $16) (17... c6 18. Qxb7 Nxf4 19. Bxc6+ Kf8
20. Qxa8 Qxa8 21. Bxa8 Bxg5 22. Bf3 Nd3 $132) 18. Nh3 Rb8 $132) 17. Qb5+ c6 (
17... Qd7 18. Qxb7 $18) 18. Qxb7 Rc8 (18... Nd5 19. Qxc6+ (19. Bxd5 cxd5 20.
Qc6+ Ke7 21. Qb7+ (21. Rac1 Rb8) 21... Ke8) 19... Ke7 20. Qb7+ Ke8 $11) 19.
Bxc6+ Rxc6 20. Qxc6+ Qd7 21. Qa8+ Qd8 $11) 16... Be7 17. Ne4 O-O 18. Qb3 Rb8
19. Rac1 $14 {/=}) 16. Qc1 Be7 (16... c6 $5 $11) 17. Bxb7 $1 O-O (17... Rxb7
18. Qc6+ Nd7 19. Qxb7 Bxg5 20. Bxg5 Qxg5 21. Qxa7 Be4 22. f3 Bd5 (22... Bd3 23.
Rfc1 Qe3+ 24. Kh1 O-O 25. Rxc7 $16) 23. Qxc7 $16) 18. Bc6 (18. Bf3 Qxd4 19. Rd1
Qc4 $11) 18... Qxd4 19. Nf3 Qc4 20. Be3 $14 a5 $6 (20... Rfd8 21. Nd2 (21. b4
Bc2 22. b5 (22. Bb5 Qxb5 (22... Qe4 $5 $132) 23. Qxc2 Nc4 $132) 22... a6 23. a4
(23. Nd2 Qa4 $15) 23... Bd3 (23... Nd5 24. Bxd5 $1 (24. Ba7 Nc3 25. Kh1 Rd1 (
25... Nd1 $5) 26. Rxd1 (26. Nd2 Rxc1 (26... Rxf1+ 27. Qxf1 $1 (27. Nxf1 Nd1 28.
Ne3 Nxe3 29. Bxb8 Nd1 30. h3 Nxf2+ 31. Kh2 Nd3 $44 32. Qe3 $140 Nxe5 $44) 27...
Qxf1+ 28. Nxf1 Rd8 29. bxa6 Bd3 30. Bb7 $16) 27. Nxc4 Rxf1+ 28. Rxf1 Rd8 $17)
26... Nxd1 27. Kg1 Rd8 $132) 24... exd5 (24... Rxd5 25. Nd2 Qd3 26. Ra2 $16)
25. Nd4 (25. bxa6 c5 $132) 25... Bd3 26. Nc6 $1 Bxf1 27. Nxe7+ Kf8 28. Nc6 Bd3
29. bxa6 $16) (23... Nxa4 24. Nd2 Rxd2 25. Qxd2 axb5 26. Qd7 $16) 24. Rd1 axb5
(24... Nd5 25. Qxc4 Bxc4 26. Ba7 $16) 25. axb5 $14 (25. Bxb5 Qxc1 26. Rdxc1
Bxb5 27. axb5 Nd5 $11) 25... Nd5 $140 $2 26. Qxc4 Bxc4 27. Ba7 $16) 21... Qh4
22. b4 $14) 21. Nd4 a4 (21... Rfd8 22. b3 Qxc1 23. Rfxc1 Nd7 (23... Nd5 24.
Bxd5 Rxd5 25. Nc6 Re8 26. a4 $36 {[%csl Ra5,Rc7]}) 24. f4 $14) 22. Bf3 $1 $16
Bc5 23. Nc6 $1 Qxc1 24. Raxc1 Bxe3 25. fxe3 Rbe8 $8 26. Rfd1 {[%csl Ra4,Rc7]}
h6 (26... f6 $5 27. exf6 gxf6 28. Kf2 Rf7 29. Rc3 $16) 27. Kf2 Kh7 28. Ke2 Ra8
29. Rc5 Rfe8 30. h3 Nd5 (30... Ra6 31. g4 $5 Nd5 32. h4 {[%csl Rg6]} Rb6 33.
Rd2 Kg8 34. e4 $18) 31. Nb4 Re7 32. g4 $1 Rae8 33. Nc6 Rd7 34. h4 Kh8 35. Rd4
Nb6 36. h5 Bb1 (36... Bh7 37. Nb4 Rc8 (37... Ree7 38. Bc6 Rxd4 39. exd4 $18)
38. Na6 $16) 37. Nb4 {[%cal Gf3c6]} Red8 $2 38. Rc1 $1 Bh7 39. Rxc7 $1 $18 Rxd4
40. exd4 Rxd4 41. Rb7 $1 (41. Rxf7 Kg8 42. Ra7 Nc4 $132) 41... Nc4 (41... Nd7
42. Ke3 $18) 42. Rb8+ $1 Bg8 43. Nc6 {[%cal Gc6e7,Gb8h8]} Rd2+ 44. Ke1 Rxb2 45.
Rxb2 $1 Nxb2 46. Be2 $1 $18 {[%csl Rb2]} f5 47. exf6 e5 48. f7 $1 Bxf7 49. Nxe5
(49. Nxe5 Be6 50. Kd2 $18 {[%cal Gd2c3,Gc3b2]}) 1-0

[Event "Chigorin Memorial 07th"]
[Site "St Petersburg"]
[Date "1999.11.02"]
[Round "1"]
[White "Shcherbakov, Ruslan"]
[Black "Shaginjan, Armen"]
[Result "1-0"]
[WhiteElo "2541"]
[BlackElo "2358"]
[Annotator "Huzman,A"]
[PlyCount "35"]
[EventDate "1999.11.02"]
[EventType "swiss"]
[EventRounds "9"]
[EventCountry "RUS"]
[SourceTitle "CBM 074"]
[Source "ChessBase"]
[SourceDate "2000.02.01"]
[SourceVersion "1"]
[SourceVersionDate "2000.02.01"]
[SourceQuality "1"]

1. d4 d5 2. c4 dxc4 3. e4 c5 4. d5 Nf6 5. Nc3 b5 6. Bf4 Qa5 7. Bd2 b4 8. e5
bxc3 9. Bxc3 Qc7 (9... Qa6 10. exf6 exf6 11. b3 Be7 12. Bxc4 Qd6 13. Ne2 O-O
14. O-O f5 15. Re1 (15. Qd3 g6 16. Bd2 Bf6 17. Bf4 Be5 18. Bxe5 Qxe5 19. Nc3
Rd8 20. Rfe1 Qf6 21. Qe3 Nd7 22. Na4 $16 {1-0 Lempert,I-Bukhman,E/St
Petersburg 1993/TD (47)}) 15... Nd7 16. Ng3 g6 17. Rxe7 Qxe7 18. d6 {1-0
Shirov,A-Kramnik,V/Linares 1993/CBM 34/ (37)} (18. Qd2 $1 $44)) 10. exf6 exf6
11. Bxc4 Qd6 $2 {Qd6 is not good blocking piece} ({But after} 11... Bd6 12.
Qa4+ (12. Qe2+ $5 Kd8 (12... Kf8 13. Qh5 $16) 13. Qh5 $16) 12... Bd7 13. Qa5
O-O 14. Qxc7 Bxc7 15. Ne2 Bd6 16. O-O-O $16 {White receives advantage in the
endgame.}) 12. Ne2 Be7 13. O-O O-O 14. Ng3 $18 Qf4 (14... Re8 15. Ne4 Qf4 16.
d6 Qxe4 17. Bd5 $18) 15. d6 $1 Qxc4 (15... Bxd6 16. Bd5 Bg4 17. f3 $18) 16.
dxe7 Re8 17. Qf3 Qa6 18. Nh5 $1 (18. Qxa8 Bb7 19. Qxb8 Rxb8 20. Rfe1 Re8 21.
Rad1 Qc6 22. f3 $16) (18. Nh5 $1 Bb7 19. Qg3 $18) 1-0

[Event "RUS-ch51"]
[Site "St Petersburg"]
[Date "1998.08.05"]
[Round "9"]
[White "Ibragimov, Ildar"]
[Black "Yakovich, Yuri"]
[Result "0-1"]
[WhiteElo "2610"]
[BlackElo "2560"]
[Annotator "Huzman,A"]
[PlyCount "82"]
[EventDate "1998.07.28"]
[EventType "swiss"]
[EventRounds "11"]
[EventCountry "RUS"]
[SourceTitle "CBM 067"]
[Source "ChessBase"]
[SourceDate "1998.11.30"]
[SourceVersion "2"]
[SourceVersionDate "1998.11.01"]
[SourceQuality "1"]

1. d4 d5 2. c4 dxc4 3. e4 Nf6 4. e5 Nd5 5. Bxc4 Nb6 6. Bd3 Nc6 7. Be3 Nb4 8.
Be4 f5 9. exf6 exf6 10. a3 f5 11. axb4 fxe4 (11... Bxb4+ 12. Nc3 fxe4 13. Qh5+
Kf8 (13... g6 $4 14. Qb5+ $18) 14. Nge2 Qe8 (14... Be6 15. O-O Kg8 16. Nxe4 Qe8
17. Qxe8+ Rxe8 18. Rfc1 Bc4 19. N2g3 Bd5 20. Bd2 $1 Bxd2 21. Nxd2 Bc6 22. Rxa7
Kf7 23. Nf3 $1 $16 {1-0 Dreev,A-Svidler,P/RUS-ch m1-2 1997 (34)}) (14... Nd5
15. O-O Nf6 16. Qh4 Bg4 $6 17. Ng3 Be7 18. Ngxe4 Bf5 19. Qf4 Bxe4 20. Nxe4 Kg8
$2 21. Nxf6+ Bxf6 22. Qe4 $18 {1-0 Tregubov,P-Zvjaginsev,V/Russia (ch) 1992 
(25)}) 15. Qh4 Bf5 (15... Kg8 16. O-O h6 17. Ng3 c6 18. Ngxe4 Bf5 19. Nc5 Qf7
20. N3e4 Qg6 21. Ng3 Bxc5 22. dxc5 Nd5 23. Bd4 Kh7 24. Rfe1 Rhe8 25. h3 a6 $14
{1-0 Pereyra Arcija,D-Ibraev,N/WchJM U20 1997 (47)}) 16. O-O Kg8 (16... Bxc3
17. Nxc3 Nc4 18. Qf4 Nd6 19. Ra5 Qf7 20. f3 Bg6 21. Qh4 Nc4 22. fxe4 Nxa5 23.
Nd5 c6 24. Rxf7+ Bxf7 25. Qe7+ Kg8 26. Nf6+ {1-0 Tregubov,P-Stajcic,N/Harkany
1992}) 17. d5 $146 {[%cal Ge2d4,Gd4f5,Gd4e6]} (17. Ng3 Bg6 18. Ngxe4 h6 19. d5
Bxe4 20. Nxe4 Nxd5 21. Bc5 Bxc5 22. Nxc5 b6 23. Qd4 Qf7 24. Nd3 c5 25. Qe4 Re8
26. Ne5 Qe6 27. Rae1 h5 28. Qb1 Nf4 29. Nd3 Ne2+ 30. Rxe2 Qxe2 31. Re1 $18 {
1-0 Tregubov,P-Nikitin,A/Chigorin mem 1995 (42)}) 17... Bg6 (17... Nc4 18. Nd4
Bg6 19. Ne6 $44) (17... Qf7 18. Nxe4) 18. Nf4 Bd6 19. Bxb6 Bxf4 20. Qxf4 cxb6
21. Rfe1 Qf7 22. Qd2 h6 23. Nxe4 Kh7 24. Nd6 Qc7 25. Re6 Qc2 26. Qd4 Qd3 27.
Qe5 Rhg8 28. h4 Raf8 29. Re7 Qd2 30. f3 Rf4 31. h5 Bd3 32. Ne8 {1-0 Bezgodov,
A-Nikitin,A/Russian Cup 7th Stage 1998}) 12. Nc3 Be6 13. Nh3 Bd6 14. Ng5 Bc4
15. Ngxe4 (15. Qg4 Bxb4 16. Nxh7 Qd7 17. Qg6+ Kd8 18. Ng5 Re8 19. Ngxe4 Nd5 20.
Bd2 Bxc3 21. bxc3 Qc6 22. Qg5+ Kc8 23. Qf5+ Qe6 24. Qxe6+ Rxe6 25. f3 Nf6 $11 {
1/2-1/2 Ehlvest,J-Volzhin,A/MK Cafe op 1998 (32)}) 15... O-O $44 {[%csl Re1]
[%cal Yc4f1]} 16. b3 Bd5 17. b5 (17. O-O Bxe4 18. Nxe4 Bxh2+ 19. Kxh2 Qh4+ 20.
Kg1 Qxe4 $17) 17... Bxe4 $1 18. Nxe4 Bb4+ 19. Nd2 (19. Kf1 Nd5 20. Bg5 (20. Qd3
Nxe3+ 21. Qxe3 Qd5 22. Qd3 Rae8 $40 {[%csl Rf1,Rh1]}) 20... Qe8 21. Qd3 Qg6 22.
f3 Rae8 $44) 19... Qd5 (19... Bc3 $5 20. Rc1 Bxd4 21. Bxd4 (21. Nc4 Nxc4 22.
Qxd4 Nxe3 23. fxe3 Qxd4 24. exd4 Rae8+ $17) 21... Qxd4 22. O-O Rad8 23. Nf3 Qg4
24. Qe2 Nd5 25. Qc4 $15) 20. O-O Bxd2 (20... Qxb5 21. Qc2 Nd5 $15) 21. Qxd2 (
21. Bxd2 Qxb5 (21... Qxd4 22. Be3 Qe5 23. Qc2 $132) 22. Re1 $15) 21... Qxb5 $15
22. Rfc1 Nd5 23. Bg5 c6 24. Bh4 $2 (24. Re1 h6 25. Be3 Qb6 $15) 24... Nf4 {
[%cal Yf4e2]} 25. Re1 Qxb3 26. Bg3 (26. Rab1 Qd5 $19) 26... Qf7 $17 {/-+} 27.
Reb1 Nd5 28. Be5 Qd7 $1 29. Rb3 Rf7 30. Rg3 a6 31. h4 Re8 32. Re1 (32. h5 Nf6
$1 $19) 32... Ne7 $1 {[%csl Rd4][%cal Ye7f5,Yf5g3,Yf5d4]} 33. h5 Nf5 34. Rg4 c5
$1 $19 35. h6 (35. d5 Nd4 $19) 35... Nxh6 36. Rge4 Ng4 37. Qg5 Nxf2 38. R4e2
Qg4 $4 (38... Nd3 39. Bxg7 Rxe2 40. Bf6+ Rg7 $19) 39. Qe3 $2 (39. Bd6 $1 Ref8
40. Qxg4 Nxg4 41. Bxf8 Rxf8 42. dxc5 $14 {/+/-}) 39... cxd4 40. Qxd4 Nh3+ 41.
Kh2 Nf4 0-1

[Event "RUS-ch51"]
[Site "St Petersburg"]
[Date "1998.07.29"]
[Round "2"]
[White "Yakovich, Yuri"]
[Black "Vorotnikov, Vladislav V"]
[Result "1/2-1/2"]
[WhiteElo "2560"]
[BlackElo "2440"]
[Annotator "Huzman,A"]
[PlyCount "87"]
[EventDate "1998.07.28"]
[EventType "swiss"]
[EventRounds "11"]
[EventCountry "RUS"]
[SourceTitle "CBM 067"]
[Source "ChessBase"]
[SourceDate "1998.11.30"]
[SourceVersion "2"]
[SourceVersionDate "1998.11.01"]
[SourceQuality "1"]

1. d4 d5 2. c4 dxc4 3. e3 e5 4. Bxc4 Nc6 5. Nf3 (5. d5 Nb8 6. Nc3 Nf6 7. Nge2
Nbd7 8. O-O a6 9. a4 Bd6 10. a5 O-O 11. Ng3 b5 12. axb6 Nxb6 13. Bb3 Re8 14. f3
Bb7 15. e4 c6 16. dxc6 Bc5+ 17. Kh1 Qxd1 18. Rxd1 Bxc6 $11 {Hodgson,J-Sachs,J/
Cappelle op 1992/1-0 (45)}) 5... e4 6. Nfd2 Qg5 (6... f5 7. O-O Bd6 8. Nc3 Qh4
9. g3 (9. f4 Nf6 10. Nb3 a6 11. Bd2 g5 12. a4 gxf4 13. exf4 Bd7 $15 {1/2-1/2
Pytel,K-Vorotnikov,V/White Knights 1984 (40)}) 9... Qh3 10. Bxg8 Rxg8 11. Nc4
Bd7 12. Nxd6+ cxd6 13. b4 g5 14. f3 exf3 15. Qxf3 $14 {[%csl Re8] 1-0 Marshall,
F-Janowsky,D/Ostende 1907 (23)}) 7. Nxe4 (7. Kf1 Nf6 8. Nc3 Qg6 9. Bb5 Bd7 10.
d5 Ne5 11. Bxd7+ Nexd7 12. Qa4 Bd6 13. Ndxe4 O-O 14. f3 Nxe4 15. Nxe4 Nb6 16.
Qb3 Rae8 17. Nc3 Nd7 18. g3 h5 $44 {0-1 Sliwa,B-Stahlberg,G/Goteborg izt 1955 
(31)}) 7... Qxg2 8. Ng3 h5 (8... Nf6 9. Qb3 Bb4+ 10. Bd2 Bxd2+ 11. Nxd2 O-O 12.
Bf1 Qd5 13. Qxd5 Nxd5 14. a3 Re8 15. Bg2 Be6 16. O-O Rad8 17. Nde4 $14 {
1/2-1/2 Santos,C-Santos,L/Lisbon-ch 1994 (27)}) 9. Bf1 (9. Qb3 $5 Nh6 10. Bd5
Qh3 11. Bd2 $36) (9. Nc3 $6 Bg4 10. Qb3 O-O-O $17) 9... Qd5 10. Nc3 Bb4 11. Bd2
Bxc3 (11... Qd8 12. Nxh5 g6 13. Nf4 $16) 12. bxc3 (12. Bxc3 $5 {[%cal Ge3e4]}
Bg4 (12... h4 13. e4 Qe6 14. d5 Qe7 15. Nh5 $1 Qxe4+ 16. Qe2 Qxe2+ 17. Bxe2 $16
) (12... Nf6 13. e4 $1 Nxe4 14. Qe2 Kd8 (14... f5 15. f3 $18) 15. Nxe4 f5 16.
Bg2 Re8 17. f3 $16) 13. e4 Qd7 (13... Bxd1 14. exd5 Bf3 15. dxc6 h4 16. cxb7
Bxb7 17. Bb5+ $16) 14. Be2 $1 (14. f3 h4 15. d5 hxg3 16. dxc6 Qxd1+ 17. Rxd1
Bxf3 18. cxb7 Rb8 19. Bb5+ Kf8 20. Bb4+ Ne7 21. Rd7 Bxh1 22. Bxe7+ (22. Rxe7
Kg8 23. hxg3 Rxb7 $19) (22. Rxc7 Kg8 23. hxg3 Bxe4 $19) 22... Kg8 $19) 14...
Bxe2 15. Nxe2 (15. Qxe2 Nxd4 16. Bxd4 Qxd4 17. Qb5+ Qd7 18. Qxb7 Rd8 19. O-O
$36) 15... Qe7 16. Qc2 Nf6 17. d5 Ne5 18. O-O-O $16) 12... Nf6 13. e4 Qd8 14.
Bg5 (14. e5 $1 Nd5 (14... Qe7 15. Be2 $16) (14... h4 15. exf6 hxg3 16. Qe2+ Be6
17. fxg7 gxf2+ 18. Qxf2 Rg8 19. Rg1 $16) 15. Nxh5 g6 16. Ng3 $16) 14... h4 (
14... Bg4 15. Be2 $16) 15. Nh5 Qd6 (15... Qe7 16. Nxg7+ (16. Bd3 Rxh5 17. Bxf6
Qa3 18. Qxh5 Qxc3+ $132) 16... Kf8 17. Bd3 Qd6 (17... Kxg7 18. Qf3 $40) 18. Nf5
$1 (18. Qf3 Ng4 $1 (18... Nh7 19. Bf4 Qa3 20. Bc4 $40) 19. Nf5 Nge5 $1 20. Qe2
Bxf5 21. exf5 Qa3 $1 $132 (21... Nxd3+ 22. Qxd3 Re8+ 23. Kd1 $13)) 18... Bxf5
19. exf5 Re8+ 20. Kf1 Ne4 21. Qc1 (21. Bxe4 Rxe4 22. f3 Re8 23. Kf2 $13 {/+/-})
21... Rh5 22. Bf4 Qd5 23. Rg1 $16) 16. Bf4 $6 (16. Nxg7+ $1 Kf8 17. Qf3 Ng4 (
17... Nh7 18. Bf4 Qg6 (18... Qa3 19. Bc1 Qd6 20. Bc4 $16) 19. Nf5 $16) (17...
Nxe4 18. Qxe4 Kxg7 19. Rg1 $40) 18. h3 $16) 16... Qe7 17. Nxf6+ gxf6 (17...
Qxf6 18. Qd2 Qe7 19. Bd3 $16) 18. Bd3 (18. Qf3 $5) 18... Rg8 19. Qb3 $6 (19.
Rb1 $5) 19... Rg4 20. Be3 Rxe4 $1 21. O-O-O (21. Bxe4 Qxe4 22. Rg1 Ne7 $132 {
/+/-}) 21... Bd7 22. Bxe4 Qxe4 23. c4 O-O-O $132 {[%cal Yd7f5]} 24. Qd3 Qf3 $1
25. Kb2 Bf5 26. Qc3 b6 (26... Ne5 $5 $132 {[%cal Ye5g4]}) 27. Ka1 Be4 {[%cal
Yf6f4]} 28. Rhe1 f5 29. d5 Ne7 (29... Na5 30. Rc1 {[%cal Gc4c5]} f4 31. c5 $1
$40) 30. Bd4 Ng6 31. Qxf3 Bxf3 32. Rd3 Bg2 33. Rde3 h3 (33... Kd7 $142) 34. Re8
Rxe8 35. Rxe8+ Kd7 36. Re2 $6 (36. Ra8 $5 a5 37. Kb2 $16) 36... a6 $1 37. Kb2 (
37. a4 $5 Nh4 38. Bf6 (38. Be5 Bf1 39. Rc2 Nf3 $132) 38... Nf3 39. Re7+ Kc8 40.
Re8+ Kb7 $132) 37... b5 $11 38. Kc3 bxc4 39. Bf6 Bxd5 40. Kd4 c6 41. Re3 Nf4
42. Bh4 Nd3 43. Rxh3 f4 44. a3 1/2-1/2

[Event "RUS-ch51"]
[Site "St Petersburg"]
[Date "1998.07.29"]
[Round "2"]
[White "Galliamova, Alisa"]
[Black "Rublevsky, Sergei"]
[Result "0-1"]
[WhiteElo "2560"]
[BlackElo "2685"]
[Annotator "Huzman,A"]
[PlyCount "52"]
[EventDate "1998.07.28"]
[EventType "swiss"]
[EventRounds "11"]
[EventCountry "RUS"]
[SourceTitle "CBM 067"]
[Source "ChessBase"]
[SourceDate "1998.11.30"]
[SourceVersion "2"]
[SourceVersionDate "1998.11.01"]
[SourceQuality "1"]

1. d4 d5 2. c4 dxc4 3. e4 e5 4. Nf3 exd4 5. Bxc4 Nc6 6. O-O Be6 7. Bxe6 fxe6 8.
Qb3 Qd7 9. Qxb7 Rb8 10. Qa6 Nf6 11. Nbd2 Bd6 12. Qd3 O-O 13. a3 Ng4 14. b3 Nce5
15. Nxe5 Nxe5 $1 $146 (15... Bxe5 16. g3 Qf7 {[%cal Yf7h5,Yf7f2,Yg4f2,Yg4h2]}
17. f4 Ne3 18. Nc4 $1 Nxc4 19. Qxc4 (19. bxc4 $5 Bd6 20. Qxd4 Rbd8 21. e5 Bxa3
22. Qxa7 $16) 19... Bd6 20. e5 Be7 21. b4 $16 {1/2-1/2 Dreev,A-Rublevsky,S/
President's Cup 1998 (29)}) 16. Qxd4 Ng4 17. e5 (17. g3 Qe7 $1 {[%cal Yd6e5,
Ye5a1,Yd6c5,Yc5f2,Yg4f2,Yf8f2]} (17... Nxh2 18. e5 Nxf1 (18... Qb5 $1 19. exd6
(19. Kxh2 Bxe5 $19) 19... Qxf1+ 20. Nxf1 Nf3+ 21. Kg2 Nxd4 22. dxc7 Rxb3 (22...
Rb7 23. Bf4 $44 {[%cal Gc7c8]}) 23. Bf4 $44 {[%cal Gc7c8]}) 19. Nxf1 Rxb3 20.
exd6 cxd6 21. Bf4 $14) 18. Qd3 Nxf2 $17) 17... Nxe5 18. Bb2 Rb5 $1 {[%cal
Yb5d5,Yd5d2]} 19. Nc4 (19. Bc3 Rd5 20. Qxa7 Qc6 21. Ne4 Rd3 22. Bxe5 Ra8 23.
Nxd6 Rxa7 24. Nc8 Qc5 $17) (19. Rad1 Rd5 20. Qxa7 Ng4 $19 {[%cal Yd7d1,Yd6h2]})
19... Rd5 20. Qe4 (20. Qh4 Nd3 21. Bc3 Rf4 22. Qh3 Bc5 $17) (20. Qc3 Nd3 {
[%cal Yd6c5,Yc5f2,Yd3f2,Yf8f2]} 21. Nxd6 cxd6 $15 {[%csl Rb2][%cal Yf8c8,Yc8c2]
}) 20... Nd3 21. Nxd6 (21. Qe2 $2 Bc5 22. Ne3 Nxf2 $1 23. Rxf2 (23. Nxd5 Qxd5
$17) 23... Bxe3 24. Qxe3 Rd1+ $19) 21... Qxd6 (21... cxd6 $5 22. Bc3 Rc8 $17)
22. Bc3 Qb6 23. Qh4 $2 (23. Qe2 $8 $15) (23. Ra2 Rf4 $1 24. Qe3 Rxf2 25. Qxb6
Rxf1+ $19) 23... Nf4 $1 {[%cal Yf4e2]} 24. Qg4 (24. Rae1 Qxb3 25. Qg3 Rf7 $17)
24... Rf7 25. Rad1 $2 (25. Rae1 Qb5 $1 {[%cal Yf4e2,Yd5g5,Yg5g2,Yf4g2]} (25...
Qxb3 26. Rb1 Qxc3 27. Rb8+ Rf8 28. Rxf8+ Kxf8 29. Qxf4+ $15) 26. a4 Qc5 $17)
25... h5 $1 $19 26. Qf3 Nh3+ $1 (26... Nh3+ 27. Qxh3 Qxf2+ 28. Rxf2 Rxd1+ $19)
0-1